[Event "Mittelfrank Regionalliga Nord-West 2122"]
[Site "Mittelfranken"]
[Date "2022.06.26"]
[Round "3.8"]
[White "Beetz, Robin"]
[Black "Rahn, Manfred"]
[Result "0-1"]
[WhiteElo "1494"]
[BlackElo "1655"]
[PlyCount "78"]
[EventDate "2021.10.24"]
[EventType "team-tourn"]
[EventRounds "9"]
[EventCountry "GER"]
[SourceTitle "EXT 2024"]
[Source "ChessBase"]
[SourceDate "2023.10.10"]
[SourceVersion "1"]
[SourceVersionDate "2023.10.10"]
[SourceQuality "1"]
[WhiteTeam "Kronach"]
[BlackTeam "Marktleuthen"]
[WhiteTeamCountry "GER"]
[BlackTeamCountry "GER"]

1. e4 e5 2. Bc4 Nf6 3. d3 c6 4. Bg5 Be7 5. Nc3 0-0 6. Nf3 d6 7. h3 Be6 8. Bxe6 fxe6 9. Qd2 Nbd7 10. Ne2 d5 11. Ng3 d4 12. c3 c5 13. 0-0 Rc8 14. Rac1 b5 15. cxd4 exd4 16. e5 Nd5 17. Bxe7 Qxe7 18. Ne4 Rxf3 19. gxf3 Nxe5 20. Kg2 Qh4 21. Rh1 Nf4+ 22. Kf1 Nxf3 23. Qd1 Ne5 24. Rxc5 Rxc5 25. Nxc5 Nfxd3 26. Nxd3 Qe4 27. Nxe5 Qxh1+ 28. Ke2 Qe4+ 29. Kd2 Qxe5 30. Qf3 Qb8 31. Qe4 e5 32. Kd3 g6 33. Qd5+ Kg7 34. Qd7+ Kh6 35. h4 Qf8 36. Qg4 Qf5+ 37. Qe4 Qxe4+ 38. Kxe4 Kh5 39. f4 exf4 0-1

[Event "Mittelfrank Regionalliga Nord-West 2122"]
[Site "Mittelfranken"]
[Date "2022.04.03"]
[Round "7.8"]
[White "Christ, Rene"]
[Black "Rahn, Manfred"]
[Result "0-1"]
[WhiteElo "1676"]
[BlackElo "1655"]
[PlyCount "73"]
[EventDate "2021.10.24"]
[EventType "team-tourn"]
[EventRounds "9"]
[EventCountry "GER"]
[SourceTitle "EXT 2024"]
[Source "ChessBase"]
[SourceDate "2023.10.10"]
[SourceVersion "1"]
[SourceVersionDate "2023.10.10"]
[SourceQuality "1"]
[WhiteTeam "Sailauf"]
[BlackTeam "Marktleuthen"]
[WhiteTeamCountry "GER"]
[BlackTeamCountry "GER"]

1. d4 Nf6 2. c4 g6 3. Nc3 d5 4. e3 Bg7 5. Nf3 0-0 6. Be2 c6 7. 0-0 Nbd7 8. Re1 dxc4 9. Bxc4 Nb6 10. Bb3 Bg4 11. h3 Bxf3 12. Qxf3 Nbd5 13. e4 Nxc3 14. bxc3 Qa5 15. Bb2 e6 16. Rad1 Rfe8 17. Re2 Rad8 18. Red2 Qh5 19. g4 Qg5 20. Rd3 Nd7 21. Bc1 Qa5 22. Bf4 Nb6 23. h4 Rd7 24. c4 Red8 25. Bg5 Rf8 26. Bd2 Qa6 27. Bb4 Rfd8 28. c5 Nc4 29. Bc3 Ne5 30. Qe3 Nxd3 31. Rxd3 b6 32. d5 Bxc3 33. Rxc3 exd5 34. exd5 cxd5 35. Qf4 bxc5 36. Rxc5 Qe6 37. Rc3 0-1

[Event "Oberfranken-ch"]
[Site "Schney"]
[Date "2019.01.04"]
[Round "4"]
[White "Rahn, Manfred"]
[Black "Daum, Matthias"]
[Result "0-1"]
[WhiteElo "1747"]
[BlackElo "1910"]
[PlyCount "80"]
[EventDate "2019.01.03"]
[EventType "swiss"]
[EventRounds "7"]
[EventCountry "GER"]
[SourceTitle "CBM 188 Extra"]
[Source "ChessBase"]
[SourceDate "2019.02.26"]
[SourceVersion "1"]
[SourceVersionDate "2019.02.26"]
[SourceQuality "1"]

1. d4 c5 2. Nf3 cxd4 3. Nxd4 Nc6 4. Nxc6 bxc6 5. e3 Nf6 6. Nc3 d5 7. Be2 e5 8. 0-0 Bd6 9. Kh1 0-0 10. a3 e4 11. b4 Qc7 12. h3 a6 13. Bb2 Be6 14. Na4 Nd7 15. c4 dxc4 16. Qd4 Be5 17. Qxe4 Bxb2 18. Nxb2 Rfe8 19. Qc2 c5 20. Nxc4 cxb4 21. Bd3 Rec8 22. Rfc1 b3 23. Qxb3 Ne5 24. Bxh7+ Kxh7 25. Qb1+ g6 26. Nb6 Qxc1+ 27. Qxc1 Rxc1+ 28. Rxc1 Rb8 29. Na4 Nd3 30. Rc6 Nxf2+ 31. Kg1 Nd1 32. Rxa6 Nxe3 33. Nc5 Bc4 34. Ra4 Rb2 35. Kh1 Bf1 36. Ra7 Bxg2+ 37. Kg1 Bd5 38. Nd7 Rg2+ 39. Kh1 Rg5+ 40. Kh2 Nf1# 0-1

[Event "Oberfranken-ch"]
[Site "Schney"]
[Date "2019.01.03"]
[Round "2"]
[White "Rahn, Manfred"]
[Black "Heimerl, Detlef"]
[Result "0-1"]
[WhiteElo "1747"]
[BlackElo "1923"]
[PlyCount "88"]
[EventDate "2019.01.03"]
[EventType "swiss"]
[EventRounds "7"]
[EventCountry "GER"]
[SourceTitle "CBM 188 Extra"]
[Source "ChessBase"]
[SourceDate "2019.02.26"]
[SourceVersion "1"]
[SourceVersionDate "2019.02.26"]
[SourceQuality "1"]

1. d4 d5 2. Bf4 c6 3. Nf3 Bf5 4. e3 Nf6 5. c3 e6 6. Bd3 Bxd3 7. Qxd3 Bd6 8. Bg5 Nbd7 9. Nbd2 Qc7 10. Rc1 h6 11. Bh4 0-0 12. Bxf6 Nxf6 13. Rg1 Bxh2 14. Rh1 Bd6 15. Ke2 Rfe8 16. Rcg1 e5 17. dxe5 Bxe5 18. g4 Ne4 19. g5 Nxd2 20. Kxd2 c5 21. gxh6 g6 22. h7+ Kh8 23. Nh4 d4 24. Rxg6 dxe3+ 25. Kc2 fxg6 26. Nxg6+ Kg7 27. Rg1 Kf7 28. fxe3 Re6 29. Qf5+ Bf6 30. h8Q Rxh8 31. Nxh8+ Ke7 32. Qh7+ Kd6 33. Rd1+ Kc6 34. Qf5 Qe5 35. Qf3+ Kb6 36. Nf7 Qc7 37. Nh6 Qh2+ 38. Rd2 Qxh6 39. Qd5 Qg6+ 40. Kb3 Qe4 41. Qh5 c4+ 42. Ka3 Re5 43. Rd6+ Kc7 44. Qd1 Be7 0-1

[Event "Oberfranken-ch"]
[Site "Schney"]
[Date "2018.01.05"]
[Round "5"]
[White "Leuchsenring, Christina"]
[Black "Rahn, Manfred"]
[Result "1-0"]
[WhiteElo "1950"]
[BlackElo "1750"]
[PlyCount "37"]
[EventDate "2018.01.03"]
[EventType "swiss"]
[EventRounds "7"]
[EventCountry "GER"]
[SourceTitle "CBM 182 Extra"]
[Source "ChessBase"]
[SourceDate "2018.02.23"]
[SourceVersion "1"]
[SourceVersionDate "2018.02.23"]
[SourceQuality "1"]

1. e4 c5 2. c3 d5 3. exd5 Qxd5 4. d4 Nc6 5. Nf3 Bg4 6. Be2 Nf6 7. Be3 cxd4 8. cxd4 e6 9. 0-0 Be7 10. Nc3 Qh5 11. h3 Bxh3 12. Ne5 Qf5 13. Bd3 Bg4 14. f3 Bxf3 15. Rxf3 Qh5 16. Qa4 Ng4 17. Rh3 Bh4 18. Nxg4 Qxg4 19. Be2 1-0

[Event "Oberfranken-ch"]
[Site "Schney"]
[Date "2016.01.03"]
[Round "2"]
[White "Leicht, Gerhard"]
[Black "Rahn, Manfred"]
[Result "0-1"]
[WhiteElo "1803"]
[BlackElo "1719"]
[PlyCount "80"]
[EventDate "2016.01.03"]
[EventType "swiss"]
[EventRounds "7"]
[EventCountry "GER"]
[SourceTitle "CBM 170 Extra"]
[Source "ChessBase"]
[SourceDate "2016.02.25"]
[SourceVersion "1"]
[SourceVersionDate "2016.02.25"]
[SourceQuality "1"]

1. e4 c5 2. Nf3 d6 3. d4 cxd4 4. Nxd4 Nf6 5. Nc3 g6 6. Be2 Bg7 7. Be3 0-0 8. 0-0 Bd7 9. f4 Nc6 10. Nb3 Rc8 11. h3 a6 12. Qd2 b5 13. Bf3 Be6 14. Nd5 Nd7 15. c3 Bxd5 16. exd5 Na5 17. Nxa5 Qxa5 18. Bg4 f5 19. Bd1 Nf6 20. Bc2 Kh8 21. a4 b4 22. cxb4 Qxd5 23. Qe2 Ne4 24. Kh2 Qe6 25. Bd3 Qb3 26. b5 axb5 27. Bxb5 Rc2 28. Qd1 Qxb2 29. Rg1 Rfc8 30. Rc1 Rxc1 31. Bxc1 Qf2 32. Qf3 Qxf3 33. gxf3 Rc2+ 34. Rg2 Rxc1 35. fxe4 fxe4 36. a5 Rc5 37. Bd7 Rxa5 38. Rc2 Ra8 39. Rc7 Bf6 40. Bc6 Ra2+ 0-1

[Event "Oberfranken-ch"]
[Site "Schney"]
[Date "2015.01.03"]
[Round "1"]
[White "Daum, Matthias"]
[Black "Rahn, Manfred"]
[Result "1-0"]
[WhiteElo "1903"]
[BlackElo "1766"]
[PlyCount "103"]
[EventDate "2015.01.03"]
[EventType "swiss"]
[EventRounds "7"]
[EventCountry "GER"]
[SourceTitle "CBM 164 Extra"]
[Source "ChessBase"]
[SourceDate "2015.03.02"]
[SourceVersion "1"]
[SourceVersionDate "2015.03.02"]
[SourceQuality "1"]

1. c4 Nf6 2. d4 g6 3. Nc3 d5 4. Nf3 Bg7 5. Bf4 0-0 6. h3 c6 7. c5 b6 8. b4 bxc5 9. bxc5 Qa5 10. Qb3 Ba6 11. Bd2 Qc7 12. Qa4 Ne4 13. Nxe4 dxe4 14. Ng5 Qd7 15. Nxe4 Qxd4 16. Qxd4 Bxd4 17. Rd1 Bg7 18. Ba5 Bc4 19. Rd2 Be6 20. e3 Nd7 21. Be2 h6 22. 0-0 f5 23. Ng3 Rab8 24. Rc1 Bb2 25. Rcc2 Ba3 26. Bc4 Nxc5 27. Bxe6+ Nxe6 28. Rxc6 Bd6 29. f4 Kf7 30. h4 Rb5 31. Bc3 Rfb8 32. Kf2 Rc5 33. Rxc5 Bxc5 34. Be5 Rb7 35. h5 a5 36. Kf3 a4 37. hxg6+ Kxg6 38. Nxf5 Ng5+ 39. fxg5 Kxf5 40. Rd5 Ba7 41. gxh6 e6 42. Ra5 Kg6 43. Bg7 Rf7+ 44. Ke4 Bb8 45. Rxa4 Rf2 46. g4 Rg2 47. Kd3 e5 48. a3 Ra2 49. Ke4 Rg2 50. Ra6+ Kg5 51. h7 Rxg4+ 52. Kd5 1-0

[Event "Oberfranken-ch"]
[Site "Schney"]
[Date "2015.01.03"]
[Round "2"]
[White "Rahn, Manfred"]
[Black "Warschak, Siegfried"]
[Result "0-1"]
[WhiteElo "1766"]
[BlackElo "1167"]
[PlyCount "106"]
[EventDate "2015.01.03"]
[EventType "swiss"]
[EventRounds "7"]
[EventCountry "GER"]
[SourceTitle "CBM 164 Extra"]
[Source "ChessBase"]
[SourceDate "2015.03.02"]
[SourceVersion "1"]
[SourceVersionDate "2015.03.02"]
[SourceQuality "1"]

1. e4 g6 2. d4 d6 3. c3 Bg7 4. f4 f5 5. e5 e6 6. Nf3 Ne7 7. Be2 0-0 8. Be3 Nd5 9. Qd2 h6 10. Bf2 Nc6 11. a3 Kh7 12. c4 Nb6 13. Nc3 a6 14. 0-0 Ne7 15. Rad1 d5 16. c5 Nd7 17. b4 c6 18. a4 b6 19. Bh4 Qe8 20. b5 bxc5 21. Bxe7 Qxe7 22. bxc6 Nb6 23. a5 Nc4 24. Bxc4 dxc4 25. d5 Qc7 26. Qa2 exd5 27. Nxd5 Qxc6 28. Qxc4 Be6 29. Rd2 Qb5 30. Qxb5 axb5 31. Nc7 Bc4 32. Nxa8 Bxf1 33. Nb6 Bc4 34. a6 Rf7 35. Nxc4 bxc4 36. e6 Ra7 37. Rd7 Rxa6 38. e7 Re6 39. Ne5 c3 40. Nd3 c2 41. Kf1 Kg8 42. Rc7 Bd4 43. Rc6 Rxe7 44. Rxg6+ Kh7 45. Rc6 Re3 46. Rc7+ Kg6 47. Rc6+ Kh5 48. Nc1 Ra3 49. Ke2 Be3 50. g3 Bxc1 51. Rxc5 Ra2 52. Rxf5+ Kg4 53. Rc5 Ba3 0-1

[Event "Oberfranken-ch 1213"]
[Site "Schney"]
[Date "2013.01.03"]
[Round "2"]
[White "Schuepferling, Patrick"]
[Black "Rahn, Manfred"]
[Result "1/2-1/2"]
[WhiteElo "1488"]
[BlackElo "1562"]
[PlyCount "33"]
[EventDate "2013.01.03"]
[EventType "swiss"]
[EventRounds "7"]
[EventCountry "GER"]
[SourceTitle "EXT 2015"]
[Source "ChessBase"]
[SourceDate "2014.11.20"]
[SourceVersion "1"]
[SourceVersionDate "2014.11.20"]
[SourceQuality "1"]

1. e4 Nf6 2. Nc3 d5 3. exd5 Nxd5 4. Nge2 g6 5. d4 Bg7 6. g3 Bg4 7. Bg2 c6 8. Nxd5 cxd5 9. c3 0-0 10. 0-0 Qd7 11. Bf4 Bh3 12. Qd3 Bxg2 13. Kxg2 Nc6 14. Qb5 b6 15. Nc1 Rac8 16. Nd3 Qf5 17. Nb4 1/2-1/2

[Event "Oberfranken-ch Q 0910"]
[Site "Schney"]
[Date "2010.01.05"]
[Round "6"]
[White "Rahn, Manfred"]
[Black "Mokry, David"]
[Result "1-0"]
[WhiteElo "1831"]
[BlackElo "1629"]
[PlyCount "35"]
[EventDate "2010.01.03"]
[EventType "swiss"]
[EventRounds "6"]
[EventCountry "GER"]
[SourceTitle "EXT 2015"]
[Source "ChessBase"]
[SourceDate "2014.11.20"]
[SourceVersion "1"]
[SourceVersionDate "2014.11.20"]
[SourceQuality "1"]

1. d4 d5 2. c4 e6 3. Nc3 c6 4. Nf3 Nf6 5. Bg5 Be7 6. e3 0-0 7. Bd3 h6 8. Bh4 Nh7 9. Bg3 f5 10. Ne5 Qe8 11. Qc2 Nd7 12. cxd5 Nxe5 13. Bxe5 exd5 14. 0-0-0 Ng5 15. f3 Be6 16. h4 Nh7 17. g4 Qd7 18. Rdg1 1-0

[Event "Oberfranken-ch Q 0708"]
[Site "Schney"]
[Date "2008.01.04"]
[Round "4"]
[White "Sonnenberg, Christoph"]
[Black "Rahn, Manfred"]
[Result "1-0"]
[WhiteElo "1809"]
[BlackElo "1872"]
[PlyCount "97"]
[EventDate "2008.01.02"]
[EventType "swiss"]
[EventRounds "7"]
[EventCountry "GER"]
[SourceTitle "EXT 2010"]
[Source "ChessBase"]
[SourceDate "2010.11.25"]
[SourceVersion "1"]
[SourceVersionDate "2010.11.25"]
[SourceQuality "1"]

1. d4 d5 2. e3 Bf5 3. Bd3 Bxd3 4. Qxd3 Nf6 5. Nf3 Nc6 6. 0-0 e6 7. c3 Bd6 8. Nbd2 0-0 9. Re1 e5 10. e4 dxe4 11. Nxe4 Nxe4 12. Qxe4 exd4 13. Ng5 f5 14. Qd5+ Kh8 15. Nf7+ Rxf7 16. Qxf7 dxc3 17. Bg5 Qg8 18. Qxg8+ Kxg8 19. bxc3 f4 20. Bh4 Ne5 21. f3 Bc5+ 22. Kf1 Nc4 23. Bf2 Ba3 24. Rad1 Bb2 25. Rd3 a5 26. Re7 Rc8 27. Bd4 Ba3 28. Rxg7+ Kf8 29. Rxh7 Ke8 30. Rh8+ Bf8 31. Bc5 Nd6 32. Rd4 Kd7 33. Rxf4 Be7 34. Rxc8 Kxc8 35. Bd4 Nc4 36. h4 c5 37. Bf6 Ne3+ 38. Kf2 Nd5 39. Bxe7 Nxf4 40. g3 Nd5 41. Bxc5 Nxc3 42. a3 Kd7 43. Ke3 Ke6 44. g4 Nd5+ 45. Ke4 b6 46. Bd4 b5 47. f4 Nf6+ 48. Bxf6 Kxf6 49. Kd4 1-0

[Event "Oberfranken-ch Q 0708"]
[Site "Schney"]
[Date "2008.01.02"]
[Round "2"]
[White "Rahn, Manfred"]
[Black "Shashkin, Igor"]
[Result "0-1"]
[WhiteElo "1872"]
[BlackElo "1880"]
[PlyCount "46"]
[EventDate "2008.01.02"]
[EventType "swiss"]
[EventRounds "7"]
[EventCountry "GER"]
[SourceTitle "EXT 2010"]
[Source "ChessBase"]
[SourceDate "2010.11.25"]
[SourceVersion "1"]
[SourceVersionDate "2010.11.25"]
[SourceQuality "1"]

1. e4 c5 2. c3 d5 3. exd5 Qxd5 4. Nf3 e5 5. c4 Qd6 6. Nc3 Nc6 7. Ne4 Qd7 8. d3 b6 9. b3 Bb7 10. Bb2 f6 11. Be2 Nh6 12. h3 Be7 13. g4 Nf7 14. Nh4 0-0-0 15. g5 Kb8 16. gxf6 gxf6 17. Bg4 Qxd3 18. Qxd3 Rxd3 19. Be6 Nb4 20. Bd5 Nxd5 21. cxd5 Bxd5 22. Ke2 Bxe4 23. f3 Rhd8 0-1

[Event "Augsburg Afro op"]
[Site "Augsburg"]
[Date "2003.08.09"]
[Round "5"]
[White "Noleau, Noel"]
[Black "Rahn, Manfred"]
[Result "0-1"]
[WhiteElo "1990"]
[BlackElo "1734"]
[PlyCount "84"]
[EventDate "2003.08.06"]
[EventType "swiss"]
[EventRounds "7"]
[EventCountry "GER"]
[SourceTitle "EXT 2006"]
[Source "ChessBase"]
[SourceDate "2005.11.24"]
[SourceVersion "1"]
[SourceVersionDate "2005.11.24"]
[SourceQuality "1"]

1. e4 e5 2. Nf3 Nc6 3. d4 exd4 4. Bc4 Bc5 5. 0-0 d6 6. c3 dxc3 7. Nxc3 Nf6 8. h3 0-0 9. Bg5 Be6 10. Nd5 Bxd5 11. Bxd5 h6 12. Bh4 g5 13. Bg3 Re8 14. Qb3 Nxd5 15. Qxd5 Nb4 16. Qc4 Qf6 17. Rfd1 Qe6 18. Qxe6 Rxe6 19. e5 dxe5 20. Nxe5 Bd6 21. Nd3 Nxd3 22. Rxd3 Bxg3 23. Rxg3 Rd8 24. Rc1 c6 25. Rcc3 Re2 26. Rb3 b6 27. h4 f6 28. a3 Rd1+ 29. Kh2 Rxf2 30. Rbe3 Kf7 31. b3 Rf4 32. hxg5 hxg5 33. Rc3 Rh4+ 34. Rh3 Rxh3+ 35. Kxh3 c5 36. Kg4 Rd4+ 37. Kf3 Ke6 38. a4 f5 39. a5 g4+ 40. Kg3 Ke5 41. axb6 axb6 42. Kf2 f4 0-1